Process Dynamics and Control (Record no. 240006)

MARC details
000 -LEADER
fixed length control field 00363nam a2200145Ia 4500
008 - FIXED-LENGTH DATA ELEMENTS--GENERAL INFORMATION
fixed length control field 240823s9999||||xx |||||||||||||| ||und||
082 ## - DEWEY DECIMAL CLASSIFICATION NUMBER
-- 660.2815 Q4
100 ## - MAIN ENTRY--PERSONAL NAME
Personal name Prabir Kumar sarkar
245 #0 - TITLE STATEMENT
Title Process Dynamics and Control
260 ## - PUBLICATION, DISTRIBUTION, ETC. (IMPRINT)
Date of publication, distribution, etc 2014
Name of publisher, distributor, etc #VALUE!
500 ## - GENERAL NOTE
General note YES
650 ## - SUBJECT ADDED ENTRY--TOPICAL TERM
Topical term or geographic name as entry element process dynamics
942 ## - ADDED ENTRY ELEMENTS (KOHA)
Item type Non Books
Holdings
Withdrawn status Lost status Damaged status Permanent location Current location Shelving location Date acquired Full call number Barcode Date last seen Koha item type
      CENTRAL LIBRARY, NOORUL ISLAM CENTRE FOR HIGHER EDUCATION CENTRAL LIBRARY, NOORUL ISLAM CENTRE FOR HIGHER EDUCATION   01/30/2015 660.2815 Q4 CD1559 08/23/2024 Non Books
Visitors:
Copyright © 2024 Central Library NICHE.  All rights reserved.